000 00368nam a22001577a 4500
003 MPLRDC
005 20220104125218.0
008 210129b ||||| |||| 00| 0 eng d
082 _a857.9 QH-15 v.1
100 _a秦红
245 _a四海同心盟. 上
_c
260 _a
_b同兴书局
_c
300 _b
650 _a武侠小说
942 _cBK
_o857.9 QH-15 v.1
999 _c25552
_d25542